Quizzes
Events
Quiz Creation
Community
Videos
Private Events
Remove Ads
Sign In
Join for FREE
Feedback
Dark Mode
Quiz Categories
Sports
Geography
Music
Movies
Television
Just For Fun
Miscellaneous
History
Literature
Language
Science
Gaming
Entertainment
Religion
Holiday
For Kids
Quiz Lab
Recent
Popular Today
Quiz Kudos Today
Editor Picks
Curator Picks
Quizzes by...
Day
Popularity
Type
Ratings
Length
Year
Community
Subscriptions
Recent Discussions
Orange Saloon
Badges
Playlists
Quests
Create
Leaderboards
Showdown
Live 5
Trivia Bingo
Activity
Puzzle Library
Sporcle Events
Private Events
Virtual Trivia
Globe League
Become a Host
Pub Owners
SporcleCon
Opinionation
Our Games
Videos
Blog
Mobile Apps
Partnerships
Remove Ads and Go Orange
Feedback
Sports
Athletes
MLB
NBA
NHL
NFL
Soccer
Sports Teams
WWE
NCAA
Football
Premier League
Basketball
Baseball
Hockey
Golf
Tennis
Cricket
Rugby
Auto Racing
Olympics
World Cup
Sports
Athletes
MLB
NBA
NHL
NFL
Soccer
Sports Teams
WWE
NCAA
Football
Premier League
Basketball
Baseball
Hockey
Golf
Tennis
Cricket
Rugby
Auto Racing
Olympics
World Cup
Random Quiz
Search Sporcle
×
Quiz Lab
Quiz Lab
Sports
Football
Type in answers that appear in a list
Type in answers that appear in a list
Classic
Best Score? Go Orange.
Liverpool Players First Names Stats
Can you name the first names of these Liverpool players?
By
supercert
5m
45 Questions
2,949 Plays
2,949 Plays
2,949 Plays
Comments
Comments
Give Quiz Kudos
Give Quiz Kudos
-
- Ratings
hide this ad
Forced Order
Answers have to be entered in order
Answers have to be entered in order
Replay
Link that replays current quiz
Next Quiz
Link to next quiz in quiz playlist
You Got
0%
They Got
Avg Score
41%
Avg Friend Score
Upgrade to see
Score Distribution
Jump to the score distribution portion of the page
Score
0/45
Timer
05:00
0
Plays Today
Surname
Answer
% Correct
Alonso
Xabi
96.1%
Aspas
Iago
79.5%
Dalglish
Kenny
77.3%
Firmino
Roberto
75.8%
Friedel
Brad
70.9%
Keegan
Kevin
66.5%
Owen
Michael
66.3%
Babb
Phil
65.3%
Origi
Divock
59.9%
N'Gog
David
58.5%
Diao
Salif
57%
Pennant
Jermaine
55.7%
Beglin
Jim
53.7%
Litmanen
Jari
53.6%
Klavan
Ragnar
53%
Cavalieri
Diego
49%
El Zhar
Nabil
48.8%
Nicol
Steve
47.7%
Ibe
Jordon
46.2%
Traore
Djimi
45.3%
Eccleston
Nathan
45.1%
Matteo
Dominic
43.1%
Westerveld
Sander
39.9%
Surname
Answer
% Correct
Insua
Emiliano
39%
Xavier
Abel
38.5%
Ward
Danny
36.7%
Jovanovic
Milan
34.7%
Heggem
Vegard
34.2%
Ziege
Christian
33.7%
Scales
John
33.1%
Riedle
Karl-Heinz
32%
Rosenthal
Ronny
31.9%
Yeats
Ron
28.1%
Johnston
Craig
27.1%
Vignal
Gregory
27.1%
Spackman
Nigel
25.9%
Cohen
Avi
24.5%
Gayle
Howard
19.1%
Piechnik
Torben
17%
Lawrence
Tommy
16%
Melia
Jimmy
8.3%
Hodgson
Gordon
8.2%
Graham
Bobby
7.3%
Twentyman
Geoff
7.1%
Uren
Harold
1.4%
Quiz Playlist
Details
Report
Send in Message
Add To Playlist
Classic:
Type in answers that appear in a list
Forced Order:
Answers have to be entered in order
Last Updated: Feb 16, 2017
Quiz Scoreboard
CHALLENGE
Sign Up to Join the Scoreboard
Show All
Scores
Hide
Comments
May contain spoilers
Recently Published
Presidents Visiting Landmarks
by Hejman
History
7m
An Introduction to Baseball
by treessimontrees
Sports
5m
Movies - When Are They Set?
by FPL_Elf
Movies
5m
More to Explore
Quiz From the Vault
Featured Blog Post
Where Did the Easter Bunny Come From?
hide this ad
You Might Also Like...
Tags
Football Quiz
First Names
Liverpool
Today's Top Quizzes in Sports
Browse Sports
hide this ad
Today's Top Quizzes in Football
Browse Football
Top Contributed Quizzes in Sports
1
Les meilleurs buteurs des matchs entre le PSG et l’OM
2
2022 World Cup Stars
3
FIFA Club World Cup Champions
4
Les entraîneurs de l'OM et du PSG au 21e siècle
5
Name the Premier League winners with different clubs
6
5-to-1: UK Sports Teams
7
La finale Lions - Afrique du Sud 2021
8
Criteria MLB: Left Handed Sluggers
9
AFC Teams Reveal (Wrong Answers Minefield)
10
England Test cricketers to play under Nasser Hussain
Explore More
Trending Topics
Marvel
NBA
Harry Potter
Kpop
Crossword
Disney
Anime
Pokémon
Soccer
Country
Song
WWE
The Office
NFL
Puzzle
hide this ad
More By:
supercert
Quiz
Plays
Rating
Category
Featured
Created
All-Time Grand Slam of Darts Competitors
5,062
4.50
Sports
Oct 17, 2012
Players with 12+ World Darts Championship appearances
3,307
5.00
Sports
Dec 2, 2014
Liverpool Players First Names
2,949
4.50
Sports
Sep 8, 2016
Raymond van Barneveld World Darts Championship opponent
1,793
5.00
Sports
Jan 16, 2015
Multiple World Darts Championship Final Losers
1,760
4.50
Sports
Sep 12, 2014
Go to Creator's Profile
Score Distribution
Quiz Creator Spotlight
supercert
Follow
Send a Message
Quizzes Created
-
Created Quiz Play Count
-
More By This Creator
Popular Quizzes Today
1
Find the US States - No Outlines Minefield
2
Find the Countries of Europe - No Outlines Minefield
3
The Countries of the World
4
Find the US States
5
Popular People in 1961
6
US States
7
Risky Map Clicking: Biggest States A-Z
8
Movies - When Are They Set?
More Sports Quizzes
Mystery Crossword: Big 4 Sports Team VIII
Quiz Lab
Trending Quizzes
Risky Map Clicking: Least Populous States A-Z
1-10 Letter G Words
1-10 Letter F Words
Risky Map Clicking: Next State Alphabetically
Risky Map Clicking: Biggest States A-Z
Recently Updated
Leaping Animals
pecheneg
Reality TV Shows (A-Z)
bhenderson79
Rickey Henderson's Hall of Fame Teammates
pecheneg
Champions League XIs: Arsenal
pecheneg
Quick Pick: Celebrities in WWE's Hall of Fame
aduchscher
A-Z Keypad Blitz II
pecheneg
Multiple Oscar Actors
pecheneg
Mystery Phrase Blitz: Oscar 'Best Actors'
pecheneg
F. Scott Fitzgerald Novels
LTH
Pick 3 Villains
ddd62291
Trending Topics
NBA
Anime
Crossword
Marvel
Harry Potter
Disney
Kpop
WWE
Pokémon
The Office
Country
Puzzle
Soccer
Song
NFL
Your Account Isn't Verified!
In order to create a playlist on Sporcle, you need to verify the email address you used during registration. Go to your
Sporcle Settings
to finish the process.
Report this User
Report this user for behavior that violates our
Community Guidelines
.
Details:
Send Report
Go to the Sporcle.com Mobile Site →
Comments